| 000 | 00509nam a22001937a 4500 | ||
|---|---|---|---|
| 999 |
_c169855 _d169855 |
||
| 005 | 20191205174019.0 | ||
| 010 | _aA-353762 | ||
| 020 |
_cN.A. _a- |
||
| 035 | _aA-353762 | ||
| 037 | _bBPPD | ||
| 082 | _a230.33 | ||
| 100 | _aبا لميکی | ||
| 245 |
_aبا لميکی را ما ين _cبا لميکی |
||
| 246 |
_aBalmiki Ramayan _bbyBalmki |
||
| 260 |
_aN.A. _cN.A. ء _bN.A. |
||
| 270 |
_aN.A. _b- _k- _e- |
||
| 300 |
_a560 ص _c22 cm(hb) |
||
| 942 |
_2ddc _cUR _h230.33 _mب ا ل |
||